| 000 | 00691nam a2200181Ia 4500 | ||
|---|---|---|---|
| 008 | 151202s9999||||xx |||||||||||||| ||und|| | ||
| 082 | _bPNVM-33628 | ||
| 100 | _aकेळकर बापुरावजी. | ||
| 245 | _aअमृतवाणी -अभंगाची गाथा. | ||
| 260 | _b"गोविंद केळकर,सांगली." | ||
| 260 | _c1981 | ||
| 300 | _a314 | ||
| 600 | _aकेळकर बापुरावजी. | ||
| 630 | _aअमृतवाणी -अभंगाची गाथा. | ||
| 700 | _aकेळकर बापुरावजी. | ||
| 730 | _aअमृतवाणी -अभंगाची गाथा. | ||
| 942 | _cBOOK | ||
| 999 |
_c1299587 _d1299584 |
||